| 000 | 00434 a2200157 4500 | ||
|---|---|---|---|
| 005 | 20250530143252.0 | ||
| 020 | _a81-219-0396-3 | ||
| 082 | _a657 SHU | ||
| 100 | _aSHULKA, M. C. | ||
| 245 | _aAdvanced Accounts Volume 1. | ||
| 260 |
_aNew Delhi, _bS. Chand, _c2012. |
||
| 300 |
_axiii, 1024p.: ill.; _c25cm. |
||
| 700 | _aGREWAL, T. S. & GUPTA, S. C. | ||
| 856 |
_yAccess Online Book _fAccounts _dwww.schandgroup.com |
||
| 942 |
_2ddc _cBKS |
||
| 999 |
_c2900 _d2900 |
||